Le poids du gaspillage alimentaire en Europe - Statistiques

Statistiques générales
  • Ce quiz a été pris 72 fois
  • Le résultat moyen est 10 sur 16
Statistiques - réponses
# Pays % Correct
90 Espagne
88%
176 Portugal
71%
250 Belgique
69%
116 Finlande
69%
161 Pays-Bas
68%
112 Pologne
68%
191 Grèce
66%
154 Irlande
66%
89 Suède
66%
221 Danemark
58%
93 Hongrie
57%
110 Slovaquie
54%
68 Croatie
46%
154 Malte
46%
91 République Tchèque
45%
397 Chypre
35%
Aucun quiz correspondant
Distribution des résultats
% des personnes avec chaque résultat
Percentile par nombre de réponses
Votre historique - résultats
Vous n’avez pas pris ce quiz